Diccionario Akal de Economía moderna

Saved in:
書目詳細資料
主要作者: Pearce, David W. (autor)
格式: 圖書
語言:西班牙语
出版: Madrid Akal 1999
版:1a. ed
叢編:Akal Diccionarios, 21
主題:
標簽: 添加標簽
沒有標簽, 成為第一個標記此記錄!

MARC

LEADER 00000cam a2200000 a 4500
001 UCD6891
003 CL-VaPUC
005 20240612095906.0
008 170303e19990000sp |||||||||||||||||spa|d
999 |c 367068  |d 367066 
020 |a 8446008556 
040 |c Pontificia Universidad Católica de Valparaíso 
082 0 4 |a 330.03  |b PEA  |2 21 
100 |a Pearce, David W.  |e autor  |9 590759 
245 1 0 |a Diccionario Akal de Economía moderna 
250 |a 1a. ed 
260 |a Madrid  |b Akal  |c 1999 
300 |a 421 p 
490 0 |a Akal Diccionarios, 21 
583 |a last modification  |c 20170303 17:35:00  |k Rodrigo Vera 
650 0 |a Economía   |2 CL-VaPUC  |9 255568 
650 0 |a Diccionarios  |9 256200 
650 0 |a Gestión de empresas  |9 433832 
942 |c BK  |2 ddc 
945 |d 20170303 17:35:00  |a dcastane 
952 |0 0  |1 0  |3 erd  |4 0  |6 330_030000000000000_PEA_1999  |7 0  |8 F  |9 481751  |a BIBENE  |b BIBENE  |i 5329310  |o 330.03 PEA 1999  |p 5329310  |r 2025-01-15  |w 2019-11-24  |y BK_F  |z Catalogado en:20170303  |k ICO